Tierra de todos

Salvato in:
Dettagli Bibliografici
Autore principale: Huerta, Carmela R. de (Autore)
Natura: Libro
Lingua:spagnolo
Pubblicazione: Santiago Universitaria 1958
Soggetti:
Tags: Aggiungi Tag
Nessun Tag, puoi essere il primo ad aggiungerne!!

MARC

LEADER 00000nam a2200000 a 4500
001 UCI5069
003 CL-VaPUC
008 080314e19580000CL |||||||||||||||||spa|d
082 0 4 |a Ch861  |b HUE  |2 21 
100 0 |a Huerta, Carmela R. de  |e author  |9 527156 
245 1 0 |a Tierra de todos 
300 |a 76 p 
942 |c BK 
945 |d 20080314 00:00:00  |a rbrito 
260 |a Santiago  |b Universitaria  |c 1958 
500 |a Donación Padres Capuchinos 
650 0 |a Poesías chilenas   |9 265280 
583 |a last modification  |c 20080314 00:00:00  |k Rodrigo Vera 
999 |c 328832  |d 328830 
952 |0 0  |1 0  |4 0  |6 CH_861_000000000000000_HUE_1958  |7 0  |8 X  |9 413010  |a FDOBUD  |b FDOBUD  |d 2019-11-22  |i 4411722  |o Ch861 HUE 1958  |p 4411722  |r 2019-11-22  |w 2019-11-22  |y BK_X  |k BUD